000 00815nam a2200241Ia 4500
003 OSt
005 20220923221552.0
006 a|||||r|||| 00| 0
007 ta
008 220922b |||||||| |||| 00| 0 hin d
024 _a198,272
037 _cTextual
040 _aARTS
_cARTS
_bhin
041 _2hin
_ahin
082 _aP152.251, K8
100 _aशर्मा, नानक चन्द
245 0 _aहरियाणवी भाषा का उद्गम तथा विकास
246 _aHariyāṇavī bhāṣhā kā udgam tathā vikāsa
260 _aहोशियार पुर
_b शेध संस्थान
_c1968
300 _a319पृ.
_ccm.
942 _hP152.251, K8
_cTEXL
_2CC
999 _c350118
_d350118